000 01122nam0a22002771 4500
001 rc\3351000
005 20260406121150.0
021 _aRU
_b[69-50637]
035 _a(NLR Aleph) 007521527
090 _a7726829
_c7726829
100 _a20130115d1969 |||y0rusy50 ca
101 0 _arus
102 _aRU
105 _ay ac |||||
200 1 _aБиблиографический указатель опубликованных работ сотрудников Лаборатории аэрометодов. 1947-1968
_fСост. П.Я. Райзер
_gРедактор Н.Н. Чижова
_gМ-во геологии СССР...
210 _aЛенинград
_cБ. и.
_d1969
215 _a166 с.
_d20
606 _aАэрофотосъемка
_jБиблиография
_2psbo
702 1 _aРайзер
_bП.Я.
_gПетр Яковлевич
_4220
702 1 _aЧижова
_bН.Н.
_4340
710 0 2 _aЛаборатория аэрометодов
_cЛенинград
_3RU\NLR\AUTH\8813703
_9300452
801 0 _aRU
_bNLR
_gpsbo
801 1 _aRU
_bELAR
_2rusmarc
852 _aNLR
_jС161-500/Л-12
942 _cBOOK
980 _aNB